Hry s prírodou - softwarové produkty pre podporu rozhodovania diplomová práca

Uložené v:
Podrobná bibliografia
Hlavný autor: Kunštár, Ján
Korporativný autor: Fakulta hospodárskej informatiky EU. Katedra aplikovanej informatiky
Ďalší autori: Bednár, Peter
Médium: Kniha
Jazyk:Slovak
Vydavateľské údaje: Bratislava 2011
Tagy: Pridať tag
Žiadne tagy, Buďte prvý, kto otaguje tento záznam!

MARC

LEADER 00000nbm a2200000 4500
001 0140854
005 20161109101955.2
041 0 |a slo 
044 |a SK 
245 1 0 |a Hry s prírodou - softwarové produkty pre podporu rozhodovania  |b diplomová práca  |c Ján Kunštár ; školiteľ:Peter Bednár 
264 1 |a Bratislava  |c 2011 
300 |a 95 s. 
100 1 |a Kunštár, Ján 
700 1 |a Bednár, Peter 
710 2 |a Fakulta hospodárskej informatiky EU. Katedra aplikovanej informatiky